| 000 | 00572cam a2200157 a 4500 | ||
|---|---|---|---|
| 020 | _z9780470185315 (cloth : alk. paper) | ||
| 020 | _z0470185317 (cloth : alk. paper) | ||
| 050 | 1 | 4 |
_aTK7895.G36 _bC48 2008 |
| 100 | 1 |
_aChu, Pong P., _d1959- |
|
| 245 | 1 | 0 |
_aFPGA prototyping by VHDL examples _h[electronic resource] : _bXilinx Spartan-3 version / _cPong P. Chu. |
| 260 |
_aHoboken, N.J. : _bWiley-Interscience, _cc2008. |
||
| 300 | _axxv, 440 p. : | ||
| 650 | 0 | _xDesign and construction. | |
| 856 | 4 | 0 | _uhttp://www.columbia.edu/cgi-bin/cul/resolve?clio7748216 |
| 942 |
_2lcc _cGEN |
||
| 999 |
_c8626 _d8626 |
||